000 00419nam a2200145 a 4500
001 000030148
005 20200930060101.0
008 110503s1912 dr 000 0 spa d
040 _aDO-SdBNP
_bspa
_cBNPHU
082 _axxx
_bF414i
100 1 _aFerrer, Fidel
_935022
245 1 0 _aIntroducción a la historia de Santo Domingo /
_cFidel Ferrer.
260 _aSanto Domingo :
_bModerna,
_c1912.
300 _a66 p. ;
_c20 cm.
999 _c29640
_d29640